Statistics for 南武線 駅名クイズ 漢字版

Click here to take the quiz!

General Stats

  • This quiz has been taken 174 times
  • The average score is 24 of 30

Answers on the Map

Answers color-coded by a green-red scale on the quiz's map according to % correct below.
 

Answer Stats

Answer% Correct
川崎
98%
尻手
95%
武蔵小杉
95%
立川
93%
登戸
92%
武蔵溝ノ口
92%
武蔵新城
88%
浜川崎
88%
武蔵中原
88%
分倍河原
86%
鹿島田
85%
府中本町
85%
稲城長沼
83%
稲田堤
82%
西国立
82%
八丁畷
81%
小田栄
77%
矢向
77%
谷保
76%
川崎新町
76%
宿河原
75%
南多摩
75%
西府
72%
向河原
71%
平間
68%
久地
68%
中野島
68%
矢川
65%
津田山
63%
矢野口
62%

Score Distribution

Percentile by Number Answered

Percent of People with Each Score

Your Score History

You have not taken this quiz